[Event "DMP Ekstraliga 2020"]
[Site "Krakow"]
[Date "2020.09.03"]
[Round "9.3"]
[White "Hnydiuk, Aleksander"]
[Black "Piorun, Kacper"]
[Result "0-1"]
[WhiteElo "2411"]
[BlackElo "2596"]
[Annotator "TA"]
[PlyCount "138"]
[EventDate "2020.08.26"]
[EventType "team-tourn"]
[EventCountry "POL"]
[SourceTitle "playchess.com"]
[Source "ChessBase"]
[SourceQuality "1"]
[WhiteTeam "Wieza Pegow"]
[BlackTeam "Stilon Gorzow"]
[BlackTeamCountry "POL"]

{[%evp 11,138,21,62,25,44,29,44,28,29,32,22,15,14,18,32,10,17,14,20,0,0,0,19,0,0,0,0,0,0,0,10,-37,0,-14,-14,-14,-15,-20,-17,-20,-14,-66,-44,-45,-18,-19,-18,-64,-39,-44,-45,-45,-8,-26,-2,-12,-7,-116,-116,-126,-136,-136,-99,-134,-134,-134,-134,-134,-134,-156,-154,-187,-187,-187,-187,-189,-188,-514,-469,-428,-383,-479,-457,-402,-258,-418,-245,-589,-540,-704,-681,-655,-657,-649,-325,-418,-325,-315,-245,-245,-245,-245,-245,-245,-245,-245,-245,-245,-245,-245,-245,-245,-245,-245,-245,-645,-631,-628,-552,-994,-977,-948,-896,-1148,-1154,-1089,-1055,-927,-929]} 1. d4 Nf6 2. Bf4 d5 3. e3 c5 4. c3 cxd4 5. cxd4 Qb6 6. Nc3 Nc6 7. Bb5 {D10: Slav Defence: 3 cxd5 (without early Nf3) and 3 Nc3.} e6 8. Nf3 Be7 9. O-O {White is slightly better.} O-O 10. Qe2 {[#]} Bd7 $146 ({Predecessor:} 10... Qd8 11. Rac1 Bd7 12. Bd3 Rc8 13. Ne5 Be8 14. Ng4 Nxg4 15. Qxg4 f5 16. Qe2 g5 {0-1 (51) Fokaite,G-Urbonaviciute,Z (1850) Vilnius 2015}) 11. Rfc1 Rfc8 12. Bd3 Be8 13. Bg5 Qd8 14. Ne5 a6 15. f4 b5 16. Qf3 g6 17. Rd1 Ra7 18. Rac1 Rac7 19. Ne2 Na5 20. Rxc7 Rxc7 21. Rc1 Nc4 22. Rc2 a5 23. b3 Nd6 24. Rxc7 Qxc7 25. Qf1 Kg7 26. Qc1 (26. Bxf6+ $11 Bxf6 27. g4) 26... Qxc1+ $15 27. Nxc1 Bf8 (27... h6 {looks sharper.} 28. Bh4 Ng8 29. Be1 b4 30. g4 Nf6) 28. Bxf6+ Kxf6 29. Kf2 Ke7 30. g4 f6 31. Nf3 Nf7 32. h4 Kd6 33. g5 e5 34. Bc2 {[#]} (34. dxe5+ $11 fxe5 35. fxe5+ Nxe5 36. Nd4) 34... e4 $1 $17 {[%cal Re4f3]} 35. Nd2 Ke7 36. Bd1 Bd7 37. Ne2 b4 38. Ng3 Nd6 39. Be2 Kf7 40. Ke1 Kg7 41. Kf2 h6 42. gxh6+ Kxh6 43. Kg2 Bb5 44. Kh3 $2 {[#]} (44. Bd1) 44... Bxe2 $19 45. Nxe2 {[%mdl 4096] Endgame KBN-KNN} f5 46. Nf1 Nb5 47. Nfg3 Na3 48. Nf1 $2 (48. Nc1) 48... Be7 49. Neg3 $2 (49. Nc1 {nothing else works.}) 49... Nb1 50. Ne2 Nc3 51. Nc1 {White hopes to continue with Ng3.} Nd1 52. Ne2 Kg7 53. Nc1 Kf7 54. Ne2 Ke6 55. Nc1 Bd8 56. Ne2 Nc3 57. Nc1 Bf6 58. Ng3 Nd1 59. Nf1 Kf7 60. Ne2 Nf2+ 61. Kg3 Nd3 62. Kh3 Kg7 63. Kg3 $2 (63. h5) 63... Kh6 {Black is clearly winning.} 64. Kh3 Bd8 65. Nd2 Nf2+ 66. Kg3 Nd1 67. Nf1 Kh5 68. Kh3 Bxh4 69. Kg2 Bf2 {Accuracy: White = 64%, Black = 86%.} 0-1

[Event "DMP Ekstraliga 2020"]
[Site "Krakow"]
[Date "2020.09.03"]
[Round "9.4"]
[White "Krasenkow, Michal"]
[Black "Zilka, Stepan"]
[Result "0-1"]
[WhiteElo "2605"]
[BlackElo "2564"]
[Annotator "TA"]
[PlyCount "72"]
[EventDate "2020.08.26"]
[EventType "team-tourn"]
[EventCountry "POL"]
[SourceTitle "playchess.com"]
[Source "ChessBase"]
[SourceQuality "1"]
[WhiteTeam "Stilon Gorzow"]
[BlackTeam "Wieza Pegow"]

{[%evp 15,72,0,0,4,3,-2,47,52,47,45,72,42,79,82,81,74,85,68,72,63,66,74,63,0,113,79,102,30,37,0,0,0,0,-55,0,-39,-35,-76,-20,-172,-94,-94,-39,-98,-69,-350,-339,-441,-395,-317,-329,-473,-425,-435,-401,-1058,-1054,-977,-921]} 1. Nf3 d5 2. d4 Nf6 3. c4 c6 4. Nc3 e6 5. e3 Nbd7 6. Qc2 Bd6 7. b3 O-O 8. Bb2 e5 9. Be2 {D45: Semi-Slav: 5 e3.} e4 10. Nd2 a6 11. g4 {White is slightly better.} b5 12. h4 Bb7 13. c5 {[#]} Bb8 $146 ({Predecessor:} 13... Bc7 14. O-O-O b4 15. Na4 Qe7 16. g5 Ne8 17. Rdf1 f5 18. f3 exf3 19. Rxf3 g6 {1-0 (31) Ebert,J (2409)-Henri,S (2363) ICCF email 2014}) 14. O-O-O $1 Qe7 15. Rdf1 Ne8 16. f3 exf3 17. Rxf3 Ndf6 18. g5 Nh5 19. Rg1 (19. Bd3 $14) 19... Bc8 {[#]} (19... g6 $1 $11) 20. e4 $1 $16 g6 21. exd5 ({White should play} 21. Bd3 $16 Nc7 22. Kb1) 21... cxd5 $11 22. Qd3 Be6 23. Qe3 {Hoping for Nxd5!} Ra7 24. Qf2 (24. b4 $11) 24... Neg7 (24... b4 $15 25. Nd1 f5) 25. Rf1 Re8 26. Bd1 Qd8 (26... b4 $17 27. Na4 Bg4) 27. Qg2 $2 (27. a3 $11 {and White has nothing to worry.}) 27... Rae7 (27... b4 $19 28. Na4 Rae7) 28. b4 Qc7 (28... Qd7 $17) 29. R3f2 (29. Qf2 $15) 29... Qd7 $17 30. Bb3 $2 {[%mdl 8192] [#]} ({White should try} 30. Rf3 $15) 30... Nf5 $1 $19 31. Nd1 ({Don't blunder} 31. Nxd5 $2 Bxd5 32. Qg4 Bxb3 $19) 31... Nxh4 32. Qh1 Nf5 33. Qf3 (33. Re1 $142) 33... Bf4 34. Rg1 Nfg3 35. Ne3 (35. Kb1 $142 Bg4 36. Qxd5 Qxd5 37. Bxd5) 35... Bxe3 36. Qxe3 Bf5 {Accuracy: White = 43%, Black = 74%.} 0-1

[Event "DMP Ekstraliga 2020"]
[Site "Krakow"]
[Date "2020.09.03"]
[Round "9.5"]
[White "Plat, Vojtech"]
[Black "Janik, Igor"]
[Result "0-1"]
[WhiteElo "2566"]
[BlackElo "2471"]
[Annotator "TA"]
[PlyCount "86"]
[EventDate "2020.08.26"]
[EventType "team-tourn"]
[EventCountry "POL"]
[SourceTitle "playchess.com"]
[Source "ChessBase"]
[SourceQuality "1"]
[WhiteTeam "Wieza Pegow"]
[BlackTeam "Stilon Gorzow"]

{[%evp 9,86,-6,7,0,24,17,30,21,27,9,50,50,51,44,47,41,42,18,25,0,5,-35,-19,-28,-19,-80,-75,-84,-50,-69,-49,-63,-48,-46,-55,-91,-72,-75,-57,-66,-54,-59,-35,-89,-85,-63,-48,-50,-54,-372,-372,-353,-354,-381,-375,-416,-324,-566,-427,-415,-388,-581,-575,-586,-582,-560,-498,-498,-498,-498,-501,-832,-824,-716,-490,-789,-568,-556,-531]} 1. e4 c6 2. Nf3 d5 3. d3 dxe4 4. dxe4 Qxd1+ 5. Kxd1 Nf6 6. Nbd2 {B10: Caro-Kann: 2 d3 and 2 c4.} Bg4 7. Be2 {[#]} Bxf3 $146 ({Predecessor:} 7... Nbd7 8. Ne1 e5 9. Bxg4 Nxg4 10. Ke2 f6 11. Nc4 h5 12. Nd3 Nh6 13. Be3 Nf7 {1-0 (44) Wei,Y (2732)-Firouzja,A (2728) chess.com INT 2020}) 8. Bxf3 {White has an edge.} ({Don't play} 8. Nxf3 Nxe4 9. Be3 Nd7 $15) 8... Nbd7 9. g3 e5 10. Ke2 Bd6 11. a4 Nc5 12. a5 Ke7 13. b4 Ne6 14. c3 b5 15. Rd1 c5 16. bxc5 $1 Nxc5 17. c4 (17. Ba3 $11 {remains equal.}) 17... b4 $17 18. Bb2 Rad8 {[%cal Ba8d8,Bd8d7,Bd7d3][%mdl 32]} 19. Rdb1 Rd7 20. a6 Bc7 21. Bc1 Rb8 22. Kf1 Rd3 23. Be2 Rd6 24. f3 Nfd7 25. Nb3 Bb6 26. Ra2 (26. Nxc5 $15 Bxc5 27. f4) 26... Nxb3 27. Rxb3 Bd4 $36 {[%mdl 2048] Black has the initiative.} 28. Bd2 Rdb6 {And now ...Nc5 would win.} 29. c5 $2 {[%mdl 8192] Now White is beyond hope.} (29. Ra5 $1 $15) 29... Nxc5 $19 30. Rb1 b3 31. Ra3 b2 32. Bc4 Rc8 33. Ba5 $2 (33. Ba2 {is a better defense.}) 33... Rh6 34. Kg2 Nxa6 35. Bd3 (35. Ra4 $142) 35... Rc1 {Black is clearly winning.} 36. Rb3 Nc5 37. Bb4 Rc6 38. R3xb2 Bxb2 39. Rxb2 Rb6 {[#] White must now prevent ...Kf6.} 40. Be2 (40. Bxc5+ $142 Rxc5 41. Ra2) 40... Kf6 41. f4 exf4 42. gxf4 (42. Ba3 $142 Re1 43. Kf2) 42... Nxe4 43. Ba3 {[#] aiming for Rxb6+.} Rc7 {Accuracy: White = 56%, Black = 79%.} 0-1

[Event "DMP Ekstraliga 2020"]
[Site "Krakow"]
[Date "2020.09.03"]
[Round "9.6"]
[White "Antolak, Julia"]
[Black "Majdan, Joanna"]
[Result "1-0"]
[WhiteElo "2323"]
[BlackElo "2325"]
[Annotator "TA"]
[PlyCount "79"]
[EventDate "2020.08.26"]
[EventType "team-tourn"]
[EventCountry "POL"]
[SourceTitle "playchess.com"]
[Source "ChessBase"]
[SourceQuality "1"]
[WhiteTeam "Stilon Gorzow"]
[BlackTeam "Wieza Pegow"]

{[%evp 21,79,0,49,11,11,1,45,32,59,0,0,0,0,0,38,14,14,14,21,-21,-11,-31,-12,-20,-26,-23,-20,-25,-28,-56,-8,-112,-127,-115,52,0,0,0,0,-153,50,-75,-62,-74,139,154,134,65,279,279,402,395,803,783,5232,1235,1235,1147,1124,1095]} 1. e4 c5 2. Nf3 d6 3. d4 cxd4 4. Nxd4 Nf6 5. Nc3 Nc6 6. Bg5 e6 7. Qd2 a6 8. O-O-O h6 9. Nxc6 bxc6 10. Bf4 d5 11. Qe3 Qa5 12. exd5 {B66: Sicilian: Richter-Rauzer: 7...a6 8 0-0-0 h6.} cxd5 13. Be2 Bb7 14. Be5 {White is slightly better.} Nd7 15. Bd4 (15. Bh5 $1 $14 Bc5 16. Qg3 Nxe5 17. Qxg7) 15... Bc5 $1 $11 16. Qg3 Bxd4 17. Rxd4 g6 {[#]} 18. f4 $146 ({Predecessor:} 18. Rhd1 Bc6 19. h4 h5 20. a3 Qc5 21. Rb4 a5 22. Rb3 Kf8 23. Nb5 Bxb5 24. Rxb5 {½-½ (58) Koops,M (2028)-Grasis,J (2059) ICCF email 2013}) 18... Qc5 19. Rhd1 Rc8 20. Bg4 Kf8 21. h4 h5 $36 {[%mdl 2048] White is under pressure.} 22. Bf3 Nb6 23. Be2 Kg7 24. Kb1 a5 25. Qe3 Rhe8 26. g4 (26. Qg3 $11 {remains equal.}) 26... hxg4 $17 27. h5 {White wants to play hxg6.} Qe7 $2 (27... f5 $1 $17 28. Qe5+ Kg8) 28. hxg6 (28. Bxg4 $14 Nc4 29. Qc1) 28... f5 $1 $11 29. Rh1 Rh8 ({Avoid the trap} 29... Kxg6 $2 30. Bxg4 $1 {[%mdl 512]} Qf6 31. Bh5+ Kg7 32. Bxe8 $18) 30. Rdd1 $2 (30. Rxh8 $1 $11 Rxh8 31. Qe5+ (31. Rd1 Nd7 $17) 31... Kg8 32. Rd1) 30... Nd7 $2 (30... d4 $1 $17 {[%cal Rd4e3]} 31. Qxd4+ {[%mdl 64] Double Attack} Qf6 32. Qxf6+ (32. Qxb6 Bxh1 33. Qxa5 Kxg6 $17) (32. Rxh8 Qxd4 33. Rxc8 Qxd1+ 34. Bxd1 Nxc8 $17) 32... Kxf6) 31. Bb5 (31. Nb5 $14 {stays ahead.}) 31... Nf6 32. Rhe1 Ne4 $2 (32... Kxg6 $17 33. Qxe6 Qxe6 34. Rxe6 d4 $1 {[%mdl 512]}) 33. Nxe4 $16 fxe4 34. Qd4+ (34. Qg1 $16) 34... Kxg6 $2 {[#] Now Black is done in.} ({Black should play} 34... Qf6 $14) 35. Rg1 $1 $18 {[%mdl 512]} Rh4 (35... Kf7 {is a better defense.}) 36. Be2 Qc5 $2 {[#]} (36... Kf7 37. Bxg4 Qf6) 37. Qe5 $1 {White is clearly winning.} Qxc2+ {[#]} 38. Ka1 $1 {[%mdl 512]} Kf7 39. Bxg4 {[%mdl 64] Overworked Piece} Rxg4 40. Qh5+ {[%mdl 64] Double Attack. Accuracy: White = 63%, Black = 45%.} 1-0

[Event "DMP Ekstraliga 2020"]
[Site "Krakow"]
[Date "2020.09.03"]
[Round "9.7"]
[White "Golubka, Petro"]
[Black "Kempinski, Robert"]
[Result "1/2-1/2"]
[WhiteElo "2495"]
[BlackElo "2568"]
[Annotator "TA"]
[PlyCount "31"]
[EventDate "2020.08.26"]
[EventType "team-tourn"]
[EventCountry "POL"]
[SourceTitle "playchess.com"]
[Source "ChessBase"]
[SourceQuality "1"]
[WhiteTeam "Hetman Plock"]
[BlackTeam "Miedz Legnica"]

{[%evp 9,31,10,37,16,25,31,23,27,32,0,37,-18,0,-15,0,0,0,0,0,-17,-2,-20,29,22]} 1. e4 c5 2. Nf3 Nc6 3. d4 cxd4 4. Nxd4 e6 5. Nc3 a6 6. Qd3 {B46: Sicilian: Taimanov: 5 Nc3 a6.} Nxd4 7. Qxd4 b5 8. Be3 Bb7 9. f3 {[#]} Rc8 $146 ({Predecessor:} 9... Nf6 10. a4 b4 11. Na2 d5 12. Nxb4 dxe4 13. Qxd8+ Kxd8 14. O-O-O+ Kc8 15. Rd4 exf3 16. gxf3 {½-½ (42) Triapishko,A (2514)-Grachev,B (2621) Sochi 2019}) 10. O-O-O ({White must play} 10. Qa7 $1 $14 Qc7 11. a4) 10... Bc5 11. Qd3 Bxe3+ 12. Qxe3 Ne7 13. Qd4 f6 $1 14. Bd3 Qc7 15. Kb1 Qc5 16. Qxc5 {A rather calm draw. Accuracy: White = 73%, Black = 79%.} 1/2-1/2

[Event "DMP Ekstraliga 2020"]
[Site "Krakow"]
[Date "2020.09.03"]
[Round "9.8"]
[White "Heberla, Bartlomiej"]
[Black "Pultinevicius, Paulius"]
[Result "1/2-1/2"]
[WhiteElo "2566"]
[BlackElo "2519"]
[Annotator "TA"]
[PlyCount "43"]
[EventDate "2020.08.26"]
[EventType "team-tourn"]
[EventCountry "POL"]
[SourceTitle "playchess.com"]
[Source "ChessBase"]
[SourceQuality "1"]
[WhiteTeam "Miedz Legnica"]
[BlackTeam "Hetman Plock"]

{[%evp 12,43,25,24,23,13,15,12,13,7,7,0,0,-2,28,28,41,0,0,0,0,-21,69,0,0,-7,-7,-15,-11,-8,-7,-11,-6,-9]} 1. d4 Nf6 2. c4 g6 3. Nc3 d5 4. cxd5 Nxd5 5. e4 Nxc3 6. bxc3 Bg7 7. Qa4+ Qd7 {D85: Exchange Grünfeld: Unusual White 7th moves and lines with 7 Nf3.} 8. Qb3 O-O 9. Nf3 c5 {[%cal Rc5d4]} 10. d5 Qc7 11. Be3 Nd7 12. Be2 b5 13. O-O ({And not} 13. Bxb5 Rb8 $17) 13... Rb8 {[#]} 14. Rad1 $146 ({Predecessor:} 14. Rab1 Nf6 15. Qc2 a6 16. h3 Nh5 17. Rfd1 f5 18. c4 fxe4 19. Ng5 Nf4 20. Bf1 {½-½ (37) Xu,Y (2463)-Ganguly,S (2631) Al Ain 2015}) 14... b4 15. cxb4 Rxb4 {[%mdl 64] [#] Double Attack} 16. Qd3 a5 ({Better is} 16... Ne5 $11 17. Nxe5 Bxe5) 17. Bd2 ({White should try} 17. Rc1 $14) 17... c4 $11 {The position is equal.} 18. Qe3 c3 19. Rc1 {[%cal Rd2c3]} Qb6 20. Bxc3 Qxe3 21. fxe3 Rxe4 22. Bxa5 {Accuracy: White = 80%, Black = 80%.} 1/2-1/2

[Event "DMP Ekstraliga 2020"]
[Site "Krakow"]
[Date "2020.09.03"]
[Round "9.9"]
[White "Warakomski, Tomasz"]
[Black "Olszewski, Michal"]
[Result "1/2-1/2"]
[WhiteElo "2515"]
[BlackElo "2547"]
[Annotator "TA"]
[PlyCount "32"]
[EventDate "2020.08.26"]
[EventType "team-tourn"]
[EventCountry "POL"]
[SourceTitle "playchess.com"]
[Source "ChessBase"]
[SourceQuality "1"]
[WhiteTeam "Hetman Plock"]
[BlackTeam "Miedz Legnica"]

{[%evp 13,17,33,29,27,35,43]} 1. e4 e5 2. Nf3 Nc6 3. Bc4 Nf6 4. d3 Be7 5. O-O O-O 6. Re1 d6 7. a4 $1 {The main line 7.a4 scores better than 7.c3.} Na5 8. Ba2 {C55: Two Knights: 4 d3, 4 d4 exd4 5 e5 and Max Lange Attack.} c5 9. c3 {[#]} {Predecessor:} Nc6 $146 10. Na3 h6 11. Bd2 a6 12. h3 Rb8 13. Nc2 Be6 14. Bxe6 fxe6 15. d4 Qe8 16. dxc5 dxc5 {1-0 (86) Adams,M (2701)-Naiditsch,A (2626) Biel 2020} 1/2-1/2

[Event "DMP Ekstraliga 2020"]
[Site "Krakow"]
[Date "2020.09.03"]
[Round "9.10"]
[White "Simacek, Pavel"]
[Black "Grabarczyk, Miroslaw"]
[Result "1/2-1/2"]
[WhiteElo "2474"]
[BlackElo "2368"]
[Annotator "TA"]
[PlyCount "33"]
[EventDate "2020.08.26"]
[EventType "team-tourn"]
[EventCountry "POL"]
[SourceTitle "playchess.com"]
[Source "ChessBase"]
[SourceQuality "1"]
[WhiteTeam "Miedz Legnica"]
[BlackTeam "Hetman Plock"]
[WhiteTeamCountry "CZE"]

{[%evp 15,33,30,29,22,24,25,33,32,29,23,14,-26,-30,-20,0,0,0,0,0,-8]} 1. e4 e5 2. Nf3 Nf6 3. Nxe5 d6 4. Nf3 Nxe4 5. Nc3 Nxc3 6. dxc3 Nc6 7. Be3 Be7 8. Qd2 Be6 9. O-O-O {C42: Petroff Defence: 3 Nxe5 and unusual White 3rd moves.} Qd7 ({Wrong is} 9... Bxa2 $2 10. b3 $18) 10. Kb1 Bf6 11. Bg5 {White is slightly better.} Qe7 {[#]} 12. Bxf6 $146 ({Predecessor:} 12. Bb5 a6 13. Bxc6+ bxc6 14. Qf4 Bxg5 15. Nxg5 O-O 16. Rde1 Qd7 17. f3 h6 18. Nxe6 fxe6 {1-0 (47) Topalov,V (2770)-Giri,A (2714) Wijk aan Zee 2012}) 12... Qxf6 13. Qg5 Qxg5 14. Nxg5 O-O {The position is equal.} 15. Bd3 h6 16. Nxe6 fxe6 17. f3 {Black took control after the opening.} 1/2-1/2

[Event "DMP Ekstraliga 2020"]
[Site "Krakow"]
[Date "2020.09.03"]
[Round "9.11"]
[White "Sabuk, Piotr"]
[Black "Bobras, Piotr"]
[Result "1/2-1/2"]
[WhiteElo "2377"]
[BlackElo "2487"]
[Annotator "TA"]
[PlyCount "34"]
[EventDate "2020.08.26"]
[EventType "team-tourn"]
[EventCountry "POL"]
[SourceTitle "playchess.com"]
[Source "ChessBase"]
[SourceQuality "1"]
[WhiteTeam "Hetman Plock"]
[BlackTeam "Miedz Legnica"]

{[%evp 14,34,45,15,70,47,54,64,50,71,73,40,52,45,60,44,56,52,53,38,56,63,52]} 1. d4 Nf6 2. c4 g6 3. Nc3 Bg7 4. e4 d6 5. Nf3 O-O 6. h3 Na6 7. Bg5 Qe8 8. g4 c5 {E90: King's Indian: Classical: Early deviations and 6 h3.} (8... b6 $11) 9. Bg2 cxd4 10. Nxd4 Bd7 11. Be3 Rc8 12. b3 {[%cal Bb2b3,Bb3b4][%mdl 32]} Nc5 {White is slightly better.} 13. O-O a6 14. Rc1 b5 {[#]} 15. cxb5 $146 ({Predecessor:} 15. b4 Ne6 16. c5 dxc5 17. bxc5 Nxd4 18. Bxd4 e5 19. Be3 Bc6 20. Nd5 Qe6 21. Qb3 {1-0 (60) Siedentopf,D (2261)-Koepke,C (2351) Augsburg 2010}) 15... axb5 16. b4 Ne6 17. Nde2 Nc7 {Accuracy: White = 88%, Black = 91%.} 1/2-1/2

[Event "DMP Ekstraliga 2020"]
[Site "Krakow"]
[Date "2020.09.03"]
[Round "9.12"]
[White "Kiolbasa, Oliwia"]
[Black "Bulmaga, Irina"]
[Result "1/2-1/2"]
[WhiteElo "2160"]
[BlackElo "2434"]
[Annotator "TA"]
[PlyCount "131"]
[EventDate "2020.08.26"]
[EventType "team-tourn"]
[EventCountry "POL"]
[SourceTitle "playchess.com"]
[Source "ChessBase"]
[SourceQuality "1"]
[WhiteTeam "Miedz Legnica"]
[BlackTeam "Hetman Plock"]

{[%evp 9,131,12,16,21,33,20,35,6,10,6,16,3,12,0,0,0,0,0,0,0,0,0,0,0,0,0,0,0,6,12,48,45,61,53,105,39,47,16,11,8,9,14,16,15,12,0,0,-28,0,0,0,0,0,0,0,0,0,0,0,0,0,0,0,-7,-11,-15,0,0,0,-2,0,0,0,0,17,6,59,30,166,156,130,0,0,8,8,8,8,0,0,-8,0,0,0,0,0,0,0,0,0,0,0,0,0,0,0,0,0,0,0,0,0,0,0,0,0,0,0,0,0,0,0,0,0,0]} 1. e4 c5 2. Nf3 d6 3. Bb5+ Nd7 4. O-O a6 5. Bd3 Ngf6 6. Re1 {B51: Sicilian: Moscow Variation (3 Bb5+) without 3...Bd7.} b5 7. c4 Rb8 8. Nc3 {[%cal Rc4b5] White is slightly better.} b4 9. Nd5 e5 10. Bc2 Nxd5 {[#]} 11. cxd5 $146 ({Predecessor:} 11. exd5 Be7 12. a3 a5 13. axb4 axb4 14. Qe2 O-O 15. d4 Bf6 16. dxc5 Nxc5 17. Be3 {0-1 (48) Sorensen,J (2395)-Vallejo Pons,F (2694) Budva 2019}) 11... Be7 12. d3 O-O 13. Nd2 Nb6 14. a3 a5 15. axb4 axb4 16. Nc4 Bd7 17. f4 Nxc4 18. dxc4 exf4 19. Bxf4 Rb6 20. e5 dxe5 21. Bxe5 Bd6 (21... Bh4 $14) 22. Qh5 ({White should try} 22. Bxd6 $16 Rxd6 23. Qe2) 22... g6 23. Qh6 {[%csl Ge5][%cal Rh6g7] [#]} Bxe5 24. Rxe5 {Strongly threatening Rh5.} Qf6 $1 $132 {[%cal Rf6e5][%mdl 2048] Black is not keeping still} 25. Qe3 Rbb8 26. Rf1 Qd6 27. Re7 Rbe8 28. Re1 (28. Rxe8 {keeps more tension.} Rxe8 29. Qf2 Qf8 30. Ra1 Re5 31. Bd3) 28... Rxe7 29. Qxe7 Qxe7 30. Rxe7 $11 {[%mdl 4096] Endgame KRB-KRB} Rd8 31. Kf2 Kf8 32. Re2 Bg4 33. Re1 Ra8 34. h3 Bd7 35. Re2 Ra2 36. Bb3 Ra1 37. Bc2 Ra2 38. Bb3 Ra6 39. Bc2 h6 40. Kf3 Rf6+ 41. Ke4 Ke7 42. Ke5 g5 ({Black should play} 42... Rd6 $11) 43. Rd2 $14 {[#] aiming for d6+.} Rf4 (43... Rd6 $1 $11) 44. d6+ $18 Kd8 45. Kd5 ({White must play} 45. b3 $16) 45... Be6+ $11 {The position is equal.} 46. Kxc5 {Black must now prevent b3.} Rxc4+ 47. Kb5 Rf4 48. Kc6 b3 49. Bd1 Rc4+ 50. Kb5 Rc8 51. Kb4 Kd7 52. Rd3 Rb8+ 53. Ka3 Ra8+ 54. Kb4 f5 55. Bxb3 Rb8+ 56. Ka3 Bxb3 57. Rxb3 {KR-KR} Ra8+ 58. Kb4 Kxd6 59. Kc4 Ke5 60. Kd3 Rd8+ 61. Ke3 Rd5 62. Rb8 f4+ 63. Ke2 h5 64. Rh8 Rb5 65. Rxh5 Rxb2+ 66. Kf3 {Accuracy: White = 89%, Black = 88%.} 1/2-1/2

[Event "DMP Ekstraliga 2020"]
[Site "Krakow"]
[Date "2020.09.03"]
[Round "9.13"]
[White "Klekowski, Maciej"]
[Black "Matuszewski, Michal"]
[Result "1-0"]
[WhiteElo "2511"]
[BlackElo "2508"]
[Annotator "TA"]
[PlyCount "131"]
[EventDate "2020.08.26"]
[EventType "team-tourn"]
[EventCountry "POL"]
[SourceTitle "playchess.com"]
[Source "ChessBase"]
[SourceQuality "1"]
[WhiteTeam "UKS 21 Podlesie"]
[BlackTeam "Dwie Wieze Krakow"]

{[%evp 20,131,0,-11,21,21,22,28,29,26,27,23,25,-20,-25,-36,0,-54,-73,-72,-73,-83,-73,-80,-80,-81,0,0,0,0,34,37,47,57,88,29,77,32,34,3,64,56,116,120,121,121,121,121,121,123,133,115,175,174,170,64,54,56,60,54,83,52,49,29,28,8,258,251,259,239,354,340,316,197,1080,1024,992,32,47,16,13,13,13,13,120,147,168,179,120,25,25,13,13,13,13,13,36,25,25,0,32,30,149,149,824,732,1010,888,1029,925,1366,491,29961,12039]} 1. e4 c5 2. Nf3 e6 3. d4 cxd4 4. Nxd4 a6 5. Bd3 Qc7 6. c4 Nc6 7. Nxc6 dxc6 8. O-O Nf6 9. f4 e5 10. f5 Bc5+ 11. Kh1 Bd7 {B42: Sicilian: Kan Variation: 5 Bd3.} 12. Qe2 {[#]} Bd4 $146 ({Predecessor:} 12... Rd8 13. Nc3 Bc8 14. Bg5 h6 15. Bxf6 gxf6 16. Na4 Qa5 17. Nxc5 Qxc5 18. a3 a5 19. Rab1 {½-½ (48) Jacek,K (1940)-Tokarski,L (2168) Koszalin 2007}) 13. Nd2 c5 {White has an edge.} 14. Nf3 a5 15. Nxd4 cxd4 16. b4 axb4 17. Bd2 Ra4 18. Rfb1 (18. Bc2 $11) 18... O-O $15 19. g4 Bc6 20. Bxb4 Rd8 21. g5 Nd7 22. a3 g6 (22... b6 $1 $17) 23. Rf1 $11 Nf8 24. Kg1 Re8 25. c5 gxf5 26. Rxf5 {Bc4 is the strong threat.} Ne6 27. Bc4 (27. Qg4 $16) 27... Nf4 28. Qf3 Re7 29. Rf6 Qd7 (29... Rd7 $11) 30. h4 $14 d3 ({Better is} 30... Ra8 $14) 31. Rd6 $16 {[%mdl 64] Double Attack} Qh3 32. Qxh3 $1 Nxh3+ 33. Kg2 Nf4+ 34. Kf3 Rd7 35. Rd1 Rxd6 (35... Ra8 $16 36. Rd2 (36. Bxd3 Rxd6 37. cxd6 Nxd3 $16) 36... Rxd6 37. cxd6 Bd7) 36. cxd6 $18 Ra8 37. Bxd3 (37. Ke3 $18) 37... Nxd3 $14 38. Rxd3 $18 {[%mdl 4096] Endgame KRB-KRB} f5 39. Rc3 fxe4+ 40. Ke3 Kf7 41. Rc2 Kg6 $1 42. a4 {[%cal Ba3a4,Ba4a5][%mdl 32]} Kf5 $2 ({Wrong is} 42... Rxa4 $2 43. Rxc6 $1 {[%mdl 512]} bxc6 44. d7 $18) (42... Rf8 $1 $11 {and Black is okay.}) 43. a5 Ke6 44. Rf2 Rd8 (44... Kd5 $142 45. Rf7 Kc4) 45. h5 Rd7 46. h6 Rf7 $2 (46... Ba4 47. Rf6+ (47. Kxe4 Bc6+ 48. Ke3 Ba4 $16) 47... Kd5) 47. g6 hxg6 48. Rh2 $2 ({White must play} 48. Rxf7 $18 {White threatens d7! and mate.} Kxf7 49. Bc3) 48... Rf3+ $14 49. Ke2 {[%mdl 1024] White has compensation.} (49. Kd2 $5 {[%cal Rh6h7]} Rf8 50. Kc3 $11) 49... Bb5+ 50. Kd1 Rf8 51. Bd2 Rf1+ (51... Rh8 $11 {remains equal.}) 52. Kc2 $16 Bd3+ 53. Kc3 Rf8 54. Be3 (54. Bg5 $16 {Hoping for h7.} Rh8 55. h7) 54... Rc8+ $11 55. Kb4 {aiming for h7.} Kxd6 56. Rg2 Kd5 57. Rxg6 {White wants to play h7.} Rh8 58. Rf6 Rh7 59. Rg6 {And now Rg7 would win.} (59. Rf8 {looks sharper.} Ba6 60. Rg8 Rf7 61. Rg5 Rh7 62. Rg7) 59... Rh8 60. Rg7 Kc6 {[#]} (60... Ba6 $11 {keeps the balance.}) 61. Re7 $1 $16 Bc2 $2 {[%mdl 8192]} (61... Bb1 $16 62. Kc3 (62. Rxe5 Rh7 $16) 62... Bd3 63. Rxe5 Rh7) 62. Rxe5 $18 Bb1 63. Re7 Bd3 64. h7 Rd8 {[#]} 65. Kc3 (65. Rc7+ $142 $3 {[%mdl 512]} Kd6 (65... Kxc7 66. Bb6+) 66. Rxb7) 65... Kd5 {[#]} (65... Rc8 $18 66. Bb6 Kb5+ 67. Rc7 Rh8) 66. Rd7+ $1 {[%mdl 576] Promotion. Accuracy: White = 75%, Black = 51%.} 1-0